New creation realities. (Record no. 14187)

000 -LEADER
fixed length control field 00715nam a2200193 a 4500
001 - CONTROL NUMBER
control field :::00012012$&:&@@
003 - CONTROL NUMBER IDENTIFIER
control field OkBaRHE
005 - DATE AND TIME OF LATEST TRANSACTION
control field 20000607103415.0
008 - FIXED-LENGTH DATA ELEMENTS--GENERAL INFORMATION
fixed length control field s1964 j 000 0 eng u
040 ## - CATALOGING SOURCE
Transcribing agency
100 1# - MAIN ENTRY--PERSONAL NAME
Personal name Kenyon, Essek William.
245 10 - TITLE STATEMENT
Title New creation realities.
260 ## - PUBLICATION, DISTRIBUTION, ETC. (IMPRINT)
Place of publication, distribution, etc Lynnwood, WA., :
Name of publisher, distributor, etc Kenyon's Gospel Publishing Society
Date of publication, distribution, etc c1964
300 ## - PHYSICAL DESCRIPTION
Extent 160 p. ;
Dimensions 21 cm.
650 ## - SUBJECT ADDED ENTRY--TOPICAL TERM
Topical term or geographic name as entry element Christian Life
942 ## - ADDED ENTRY ELEMENTS (KOHA)
Source of classification or shelving scheme
Koha item type Books
Copies
Current Location Total Checkouts Date acquired Total Renewals Copy number Not for loan Date last seen Lost status Damaged status Source of classification or shelving scheme Koha item type Barcode Withdrawn status Permanent Location Shelving location Price effective from Full call number Date checked out
  2010-04-14 1 2010-04-14   Books12012 RHEMA Bible Training CollegeGeneral Stacks2010-04-14BX 8764 .Z6K4N4 
RHEMA Bible Training College32010-04-1432 2020-02-21   Books14924 RHEMA Bible Training CollegeGeneral Stacks2010-04-14BX 8764 .Z6K4N42020-02-07